Statistics for iPhone Models (updated 2021)

Click here to take the quiz!

General Stats

  • This quiz has been taken 484 times
    (214 since last reset)
  • The average score is 18 of 23

Answer Stats

Release DateModel% Correct
2014iPhone 6 / 6 Plus
97%
2010iPhone 4
95%
2012iPhone 5
95%
2016iPhone 7 / 7 Plus
95%
2017iPhone X
94%
2019iPhone 11
93%
2017iPhone 8 / 8 Plus
93%
2020iPhone 12 / 12 Mini
92%
2007iPhone
90%
2021iPhone 13 / 13 Mini
86%
2018iPhone XS / XS Max
79%
2013iPhone 5S
76%
2016iPhone SE (1st-generation)
76%
2020iPhone SE (2nd-generation)
76%
2011iPhone 4S
75%
2015iPhone 6S / 6S Plus
74%
2019iPhone 11 Pro / 11 Pro Max
73%
2020iPhone 12 Pro / 12 Pro Max
69%
2008iPhone 3G
69%
2018iPhone XR
68%
2021iPhone 13 Pro / 13 Pro Max
66%
2013iPhone 5C
61%
2009iPhone 3GS
55%

Score Distribution

Percentile by Number Answered

Percent of People with Each Score

Your Score History

You have not taken this quiz since the last reset